Ptáci : nový průvodce přírodou /

Hlavní autor: Dierschke, Volker
Další autoři: Robovský, Jan, 1980-
Jazyk: Čeština
Vydáno: V Praze : Knižní klub, 2009
Vydání: Vyd. 1.
Edice: Nový průvodce přírodou
Témata:
Fyzický popis: 255 s. : barev. il., mapy ; 20 cm
Knihy
Uloženo v:
LEADER 01641nam a2200505 a 4500
001 nkc20091861355
003 CZ PrNK
005 20090806143247.0
007 ta
008 090312s2009 xr ab e f 001 0 cze
015 |a cnb001861355 
020 |a 978-80-242-2193-9  |q (váz.) 
035 |a (OCoLC)320230119 
040 |a OLA001  |b cze  |d ABA001 
041 1 |a cze  |h ger 
043 |a e------ 
072 7 |a 59  |x Zoologie  |2 Konspekt  |9 2 
080 |a 598.2  |2 MRF 
080 |a 591.9  |2 MRF 
080 |a (4)  |2 MRF 
080 |a (084.42)  |2 MRF 
100 1 |a Dierschke, Volker  |7 mzk2007381872  |4 aut 
245 1 0 |a Ptáci :  |b nový průvodce přírodou /  |c [Volker Dierschke ; z německého originálu ... přeložil a doplnil Jan Robovský] 
246 3 |a Nový průvodce přírodou - ptáci 
250 |a Vyd. 1. 
260 |a V Praze :  |b Knižní klub,  |c 2009 
300 |a 255 s. :  |b barev. il., mapy ;  |c 20 cm 
490 1 |a Nový průvodce přírodou 
500 |a Název z obálky 
500 |a Obsahuje rejstřík 
650 0 7 |a ptáci  |7 ph115956  |2 czenas 
650 0 7 |a fauna  |7 ph114529  |z Evropa  |2 czenas 
650 0 9 |a birds  |2 eczenas 
650 0 9 |a fauna  |z Europe  |2 eczenas 
655 7 |a atlasy  |7 fd131835  |2 czenas 
655 9 |a atlases  |2 eczenas 
700 1 |a Robovský, Jan,  |d 1980-  |7 jo2005274209  |4 oth 
765 0 |t Welcher Vogel ist das?  |9 Česky 
830 0 |a Nový průvodce přírodou  |0 s 
910 2 |a BOA001  |b 1-1220.778 
928 9 |a Euromedia Group - Knižní klub 
990 |a BK 
995 |a 01 
991 |b 200904  |c NOV 
996 6 |b 2610372846  |c 1-1220.778  |l MZK  |r Sklad / do 1 hodiny  |n 1  |p p.v.  |w 000933182  |u 000010  |a 1  |e BOA001  |j MZK50  |s P